| 000 | 00427nam a2200145Ia 4500 | ||
|---|---|---|---|
| 008 | 230917s9999||||xx |||||||||||||| ||und|| | ||
| 040 |
_e176336 _aMAIN |
||
| 041 | _aEnglish | ||
| 082 | _a891.431721 SR19A | ||
| 100 | _aसहाय, रघुवीर | ||
| 245 | 0 | _aआत्महत्या के विरूद्ध | |
| 260 |
_aदिल्ली _bनई राजकमल _c2009 |
||
| 300 | _a94 p. | ||
| 942 | _cHN | ||
| 999 |
_c154702 _d154702 |
||